| 000 | 00617cas a2200193 4500 | ||
|---|---|---|---|
| 001 | 4522 | ||
| 005 | 20181127173607.0 | ||
| 008 | 080219c200u9999bt ar i0 0eng | ||
| 010 | _a 2007434114 | ||
| 043 | _aa-bt--- | ||
| 110 | 2 |
_aWorld Wildlife Fund. _bBhutan Program. |
|
| 245 | 1 | 0 |
_aAnnual report / _cWWF Bhutan Program Office. |
| 260 |
_aThimphu : _bWWF Bhutan Program |
||
| 300 |
_av. : _bcol. ill. ; _c22 x 31 cm. |
||
| 310 | _aAnnual | ||
| 610 | 2 | 0 |
_aWorld Wildlife Fund. _bBhutan Program |
| 650 | 0 |
_aAnimals _zBhutan |
|
| 856 |
_a _uhttp://www.wwfbhutan.org/news2/publications/annual_reports_/ _yAnnual Report. _z _3 |
||
| 999 |
_c3746 _d3746 |
||